| Registos Bibliográficos associados ao registo de autoridade |
|
Etiqueta de registo: 00000nam 2200025 450 001 2054471 003 http://id.bnportugal.gov.pt/bib/catbnp/2054471 021 ## $aPT$b458080/19 100 ## $a20200908d2019 m y0pory01030103ba 101 1# $aeng 102 ## $aPT 105 ## $aa b 000yy 106 ## $ar 200 1# $aIrma Blank$fed. Johana Carrier, Joana P. R. Neves$gconcept Mário Valente$gtextos Johana Carrier... [et al.]$gcoord. Mário Valente$gfot. Carlo Favero 210 #9 $aLisboa$cCulturgest,$dD.L. 2019 215 ## $a335 p.$cil.$d34 cm 675 ## $a74Blank, Irma$vBN$zpor$31790853 702 #1 $aCarrier,$bJohana$4340$31789843 702 #1 $aNeves,$bJoana P. R.,$f1976-$4340$31789846 702 #1 $aValente,$bMário$4340$31506283 702 #1 $aFavero,$bCarlo$4600$31789847 801 #0 $aPT$bBN$gRPC 856 41 $uhttp://rnod.bnportugal.gov.pt/ImagesBN/winlibimg.aspx?skey=&doc=2054471&img=142740&save=true 900 ## $aBIBNAC$d20200925 966 ## $lBN$mFGMON$sB.A. 4752 A.$x1 966 ## $lBN$mFGMON$sB.A. 4752 A.-D $x1
Etiqueta de registo: 00254nam 2200025 450 001 2284215 003 http://id.bnportugal.gov.pt/bib/catbnp/2284215 010 ## $a978-989-36328-4-0 021 ## $aPT$b558330/25 100 ## $a20260413d2025 m y0pory01030103ba 101 1# $apor$aeng 102 ## $aPT 105 ## $aa b 000yy 106 ## $ar 200 1# $aNotre feu$ftextos Isabelle Ferreira, Joana P. R. Neves, Victor Pereira$ged. e coord. Nuno Ferreira Carvalho$gtrad. Karim Mesmoudi, Paulo Montes$gfot. Guillaume Vieira 210 #9 $aLisboa$cMuseu de Arte, Arquitectura e Tecnologia,$d2025 215 ## $a111, [1] p.$cil.$d26 cm 675 ## $a7.038.5Ferreira, Isabelle(083.82)$vBN$zpor$31999179 675 ## $a73/77.038.5(=1:44)"20"(083.82)$vBN$zpor$31999163 675 ## $a73/77.038.5Ferreira, Isabelle(042)$vBN$zpor$31999180 702 #1 $aFerreira,$bIsabelle,$f1972-$4070$31995498 702 #1 $aNeves,$bJoana P. R.,$f1976-$4070$31789846 702 #1 $95$aCarvalho,$bNuno$4340$31555754 702 #1 $aPereira,$bVictor,$f1978-$4070$31417883 702 #1 $aMesmoudi,$bKarim$4730$31995514 702 #1 $aMontes,$bPaulo$4730$31700668 702 #1 $aVieira,$bGuillaume$4600$31818068 801 #0 $aPT$bBN$gRPC 856 41 $uhttp://rnod.bnportugal.gov.pt/ImagesBN/winlibimg.aspx?skey=&doc=2284215&img=222622&save=true 966 ## $lBN$mFGMON$sB.A. 53810 V.$x1 966 ## $lBN$mFGMON$sB.A. 53810 V.-D$x1 971 ## $cabrito$d20260413 973 ## $ctrodrigues$d20260525
|
|
|